New Jersey Cities that are Top 1000 Baby Names - Sudden Death - Statistics

General Stats
  • This quiz has been taken 40 times
  • The average score is 21 of 30
Answers on the Grid
Answers color-coded by a green-red scale on the quiz's grid according to % correct below.
Aberdeen
Alexandria
Alpha
Alpine
Audubon
Avalon
Bayonne
Bogota
Brielle
Brigantine
Buena
Camden
Carteret
Cinnaminson
Clark
Clayton
Cranbury
Dennis
Dover
Dunellen
Edison
Elizabeth
Emerson
Ewing
Florence
Folsom
Franklin
Galloway
Garfield
Hackensack
Harmony
Harrison
Hazlet
Helmetta
Hoboken
Holland
Hope
Jackson
Jefferson
Lacey
Lavallette
Liberty
Lodi
Logan
Madison
Magnolia
Mahwah
Marlboro
Monroe
Montague
Moonachie
Neptune
Newark
Newton
Nutley
Oaklyn
Oradell
Paramus
Passaic
Piscataway
Quinton
Ramsey
Roxbury
Salem
Secaucus
Shiloh
Sparta
Summit
Teaneck
Tewksbury
Trenton
Warren
Wayne
Weehawken
Wyckoff
 
Answer Stats
Answer % Correct
G17 Elizabeth
97%
G46 Madison
93%
B35 Jackson
90%
B121 Harrison
87%
G317 Hope
87%
B46/G391 Logan
87%
B686 Wayne
87%
G435 Florence
83%
G746 Lacey
83%
G151/B270 Emerson
80%
B437 Clark
77%
G264 Harmony
77%
B708 Dennis
73%
B385 Franklin
73%
G463 Alexandria
70%
B827 Edison
70%
B711 Jefferson
70%
B835 Quinton
70%
B262 Warren
70%
G260/B336 Shiloh
67%
G144 Brielle
63%
B317 Clayton
63%
G571 Monroe
63%
B193 Camden
53%
G982 Liberty
47%
G568 Oaklyn
47%
B887 Trenton
43%
G602 Holland
33%
G138 Magnolia
33%
G430/B634 Salem
30%
No matching quizzes found
Score Distribution
Percent of People with Each Score
Percentile by Number Answered
Your Score History
You have not taken this quiz